Statistiques concernant Films avec Danielle Darrieux par image

Cliquez ici pour prendre le quiz!

Statistiques générales

  • Ce quiz a été pris 10 fois
  • Le résultat moyen est 6 sur 20

Statistiques - réponses

Réponse% Correct
Huit femmes
100%
Les Demoiselles de Rochefort
89%
Le Rouge et le Noir
56%
Madame de…
44%
Napoléon
44%
L'Affaire Cicéron
33%
La Ronde
33%
Le Lieu du crime
33%
Le Plaisir
33%
La Vérité sur Bébé Donge
22%
Mayerling
22%
Occupe-toi d'Amélie
22%
Battement de cœur
11%
Katia
11%
Le Jour des rois
11%
Une chambre en ville
11%
Dédé
0%
En haut des marches
0%
Les oiseaux vont mourir au Pérou
0%
Mauvaise graine
0%

Distribution des résultats

Percentile par nombre de réponses

% des personnes avec chaque résultat

Votre développement - résultats

Vous n’avez pas pris ce quiz